<?xml version="1.0" encoding="UTF-8"?>
<collection xmlns:xsi="http://www.w3.org/2001/XMLSchema-instance" xsi:schemaLocation="http://www.loc.gov/MARC21/slim http://www.loc.gov/standards/marcxml/schema/MARC21slim.xsd" xmlns="http://www.loc.gov/MARC21/slim">
 <record>
  <leader>00000cjm a22000001a 4500</leader>
  <controlfield tag="001">UP-99796217610572088</controlfield>
  <controlfield tag="003">Buklod</controlfield>
  <controlfield tag="005">20130116152401.0</controlfield>
  <controlfield tag="006">a     r    |||| u|</controlfield>
  <controlfield tag="007">s| u||||||u|u|</controlfield>
  <controlfield tag="008">130116s1990    xx     d|||||||||||||| | </controlfield>
  <datafield tag="035" ind1=" " ind2=" ">
   <subfield code="a">(iLib)UPD-00192603841</subfield>
  </datafield>
  <datafield tag="040" ind1=" " ind2=" ">
   <subfield code="a">LC</subfield>
   <subfield code="d">DMUS</subfield>
  </datafield>
  <datafield tag="090" ind1=" " ind2=" ">
   <subfield code="a">CD 1452</subfield>
  </datafield>
  <datafield tag="100" ind1="1" ind2=" ">
   <subfield code="a">Grieg, Edvard</subfield>
   <subfield code="d">1843-1907.</subfield>
  </datafield>
  <datafield tag="240" ind1="1" ind2="0">
   <subfield code="a">Piano music.</subfield>
   <subfield code="k">Selections</subfield>
  </datafield>
  <datafield tag="245" ind1="1" ind2="0">
   <subfield code="a">Lyric pieces</subfield>
   <subfield code="h">sound recording</subfield>
   <subfield code="c">Grieg.</subfield>
  </datafield>
  <datafield tag="264" ind1=" " ind2="1">
   <subfield code="a">[S.l.]</subfield>
   <subfield code="b">Naxos</subfield>
   <subfield code="a">Munich, Germany</subfield>
   <subfield code="b">Distributed by MVD Music and Video Distribution</subfield>
   <subfield code="c">p1990.</subfield>
  </datafield>
  <datafield tag="300" ind1=" " ind2=" ">
   <subfield code="a">1 sound disc</subfield>
   <subfield code="b">digital, stereo.</subfield>
   <subfield code="c">4 3/4 in.</subfield>
  </datafield>
  <datafield tag="500" ind1=" " ind2=" ">
   <subfield code="a">Compact disc.</subfield>
  </datafield>
  <datafield tag="500" ind1=" " ind2=" ">
   <subfield code="a">Program notes on container insert.</subfield>
  </datafield>
  <datafield tag="505" ind1="0" ind2=" ">
   <subfield code="a">Arietta : op. 12, no. 1 -- Halling op. 38, no. 4 -- Melodie : op. 38, no. 3 -- Melodie : op. 47, no. 3 -- Halling op. 47, no. 4 -- Fra ungdomsdagene op. 65, no. 1 -- Canon : op. 38, no. 8 -- Sm?atrold : op. 71, no. 3 -- Walzer : op. 38, no. 7 -- Matrosernes opsang op. 68, no. 1 -- Springtanz : op. 38, no. 5 -- Halling op. 71, no. 5 -- Volksweise : op. 38, no. 2 -- Elegie : op. 38, no. 6 -- Gangar : op. 54, no. 2 -- Der var engang : op. 71, no. 1 -- Einsamer Wanderer : op. 43, no. 2 -- Elverdans : op. 12, no. 4 -- Vals : op. 12, no. 2 -- Folkewise : op. 12, no. 5 -- Skovstilhed : op. 71, no. 4 -- Stambogsblad : op. 12, no. 7 -- Valse-impromptu : op. 47, no. 1 -- Forbi : op. 71, no. 6 -- Sie tanzt : op. 57, no. 5 -- Albumblatt : op. 47, no. 2 -- Sommeraften : op. 71, no. 2 -- For dine f?odder : op. 68, no. 3 -- Valse m?elancolique : op. 68, no. 6 -- Efterklang : op. 71, no. 7.</subfield>
  </datafield>
  <datafield tag="511" ind1="0" ind2=" ">
   <subfield code="a">Balazs Szokolay, piano.</subfield>
  </datafield>
  <datafield tag="518" ind1=" " ind2=" ">
   <subfield code="a">Recorded Nov. 27-29, Dec. 11 &amp; 13, 1989 at the Italian Institute in Budapest.</subfield>
  </datafield>
  <datafield tag="650" ind1=" " ind2="0">
   <subfield code="a">Piano music.</subfield>
  </datafield>
  <datafield tag="700" ind1="1" ind2=" ">
   <subfield code="a">Szokolay, Bal?azs</subfield>
   <subfield code="d">1961-</subfield>
   <subfield code="4">prf.</subfield>
  </datafield>
  <datafield tag="700" ind1="1" ind2="2">
   <subfield code="a">Grieg, Edvard</subfield>
   <subfield code="d">1843-1907.</subfield>
   <subfield code="t">Lyriske smaastykker.</subfield>
   <subfield code="k">Selections.</subfield>
  </datafield>
  <datafield tag="852" ind1="0" ind2=" ">
   <subfield code="a">UPD</subfield>
   <subfield code="b">DMUS</subfield>
   <subfield code="h">CD 1452</subfield>
  </datafield>
  <datafield tag="942" ind1=" " ind2=" ">
   <subfield code="a">Music</subfield>
  </datafield>
 </record>
</collection>
